• 首页
  • 本馆介绍
  • 公告通知
  • 最新文献
  • 馆藏检索
  • 电子资源
  • 读者导购
  • 参考咨询
  • 我的图书馆
  • 登录
  • 详细信息显示
  • 放入我的书架
  • 预约/预借图书
  • 作者相关作品
  • 分类相关作品
  • 丛书相关作品
  • 出版社相关作品

书目信息

  • 表格格式
  • 工作单格式
  • 卡片格式
题名:
洪水风险图编制管理与应用
    
 
作者: ;全国洪水风险图项目组 编
分册:  
出版信息: 北京   中国水利水电出版社  2016.04
页数: 188页
开本: 26cm
丛书名:
单 册:
中图分类: P426.616
科图分类:
主题词: 洪水--水灾--风险管理--制图
电子资源:
ISBN: 978-7-5170-4269-3
000 00954nam0 2200217 450
001 3621
005 20181008105956.94
010    @a978-7-5170-4269-3@dCNY55.00
100    @a20160623d2016 em y0chiy50 ea
101 0  @achi
102    @aCN@b110000
105    @aa z 000yy
200 1  @a洪水风险图编制管理与应用@9hong shui feng xian tu bian zhi guan li yu ying yong@b专著@f全国洪水风险图项目组编
210    @a北京@c中国水利水电出版社@d2016.04
215    @a188页@d26cm
330    @a本书收集了有代表性的各地洪水风险图编制管理与应用中积累的经验和研究成果,既有丰富的理论研究,又有深入的实践,展示了各地水利工作者的在洪水风险图编制中的技术应用,为广大水利科技人员加强学术交流、拓展建设与管理思路提供参考,更好地适应当前水利事业的迅速发展。
606 0  @a洪水@x水灾@x风险管理@x制图
690    @aP426.616@v4
711 02 @a全国洪水风险图项目组@9quan guo hong shui feng xian tu xiang mu zu@4编
801  0 @aCN@b91MARC@c20160705
905    @aMuseLib@dP426.616@e111
    
    洪水风险图编制管理与应用/全国洪水风险图项目组编.-北京:中国水利水电出版社,2016.04
    188页;26cm
    
    
    ISBN 978-7-5170-4269-3:CNY55.00
    本书收集了有代表性的各地洪水风险图编制管理与应用中积累的经验和研究成果,既有丰富的理论研究,又有深入的实践,展示了各地水利工作者的在洪水风险图编制中的技术应用,为广大水利科技人员加强学术交流、拓展建设与管理思路提供参考,更好地适应当前水利事业的迅速发展。
●
相关链接 在E读中查询图书 在五车中查询图书 在当当中查询图书 在豆瓣中查询图书


正题名:洪水风险图编制管理与应用     索取号:P426.616/111         预约/预借

序号 登录号 条形码 馆藏地/架位号 状态 备注
1 1122902   211229026   第二样本阅览室/ [索取号:P426.616/111] 在馆    
2 1122903   211229035   第三借阅区/ [索取号:P426.616/111] 在馆    
3 1122904   211229044   第三借阅区/ [索取号:P426.616/111] 在馆    
4 1122905   211229053   第三借阅区/ [索取号:P426.616/111] 在馆    
5 1122906   211229062   密集书库-资源管理系/ [索取号:P426.616/111] 在馆    
唐山师范学院图书馆 欢迎您!
大连网信软件有限公司© 版权所有